| 000 | 00411nam a2200181Ia 4500 | ||
|---|---|---|---|
| 008 | 210210b2019 xxu||||| |||| 00| 0 eng d | ||
| 041 | _aeng | ||
| 082 | _a891.468 MORT | ||
| 100 | _aMORAS (Prem) | ||
| 245 | _aTya razanvache vatter | ||
| 260 |
_aMangaluru _b- _c2019 |
||
| 300 | _a170 | ||
| 650 | _avatter | ||
| 650 | _aTya | ||
| 650 | _arazanvache | ||
| 690 | _aKonkani Miscellaneous | ||
| 906 | _a073759 | ||
| 999 |
_c123527 _d123527 |
||